000 00580nam a22002297a 4500
003 UA-OsUOA
001 79982
007 ta
008 20111124b un ||||| |||| 00| 0 ukr d
100 _aСмолич Ю.К.
090 _a821.161.2
_bС51
942 _cBK
040 _aUA-OsUOA
_bukr
_cUA-OsUOA
_dUA-OsUOA
245 _aТвори
_bу 8-ми т.
_c5
300 _a815 с.
955 _a3
041 _aukr
080 _a821.161.2
260 _aК.
_bДніпро
_c1985
650 7 _a82 Література. Літературознавство
_2UDC
999 _c366301
_d366301